| 000 | 00506nam a22001937a 4500 | ||
|---|---|---|---|
| 003 | OSt | ||
| 005 | 20160812173703.0 | ||
| 008 | 160812b xxu||||| |||| 00| 0 eng d | ||
| 020 | _a9780471687238 | ||
| 040 | _cDDC. | ||
| 082 | _a005.4DOE 2011. | ||
| 100 |
_aDoeppner ,Thomas; _910646 |
||
| 245 | _aOperating System In depth. | ||
| 260 |
_aUk. _bJohn Wiley and Sons. _c2011. |
||
| 300 |
_axvi,444p; _bill; _c28cm. |
||
| 504 | _aincludes index. | ||
| 650 |
_aOperating System. _95594 |
||
| 942 |
_2ddc _cO_SHELF |
||
| 999 |
_c4971 _d4971 |
||